| Поле | Инд. | ПП | Название | Значение |
|---|---|---|---|---|
| Тип записи | a | |||
| Библиографический уровень | m | |||
| 001 | Контрольный номер | 0558116a-900b-4b7a-a5a9-fae583aeaa6f | ||
| 005 | Дата корректировки | 20140226193213.1 | ||
| 008 | Кодируемые данные | 001204 d | ||
| 020 | c | Цена, тираж | 12.00 | |
| 041 | a | Код языка текста | ger | |
| 080 | a | Индекс УДК | 910.4(100)(26) | |
| 084 | a | Индекс другой классификации/Индекс ББК | Д9(0)022 | |
| a | Индекс другой классификации/Индекс ББК | Д8г(2)13 | ||
| 090 | c | Каталожный индекс | Д9(0)022 + Д8г(2)13 | |
| x | Авторский знак | К85 | ||
| a | Полочн. индекс | Д9(0)02 | ||
| 100 | 1_ | a | Автор | Krusenstern Adam Johann von |
| 245 | 0_ | a | Заглавие | Reise um die Welt |
| b | Продолж. заглавия | Erlebnisse u. Bordbuchnotizen des Kommandanten der Expeditionsschiffe "Nadeshda" u. "Newa"... | ||
| c | Ответственность | Ausgew., bearb. u. hrsg. von Christel u. Helmuth Pelzer | ||
| 260 | 0_ | a | Место издания | Leipzig |
| b | Издательство | Brockhaus | ||
| c | Дата издания | 1985 | ||
| 300 | a | Объем | 248 S. | |
| b | Иллюстрации/ тип воспроизводства | Ill. | ||
| 440 | a | Серия | Klassische Reisen | |
| 500 | a | Примечание | Personenverz.: S.235-237.- Verz. geogr. Begriffe: S. 237-245. | |
| 583 | a | Действие | Получение впервые 39 20.01.98 | |
| k | Исполнитель действия | Дар РГГУ | ||
| 650 | a | Основная рубрика | Путешествия морские кругосветные | |
| y | Хронологическая подрубрика | 19 в. | ||
| 650 | a | Основная рубрика | География | |
| 653 | a | Ключевые слова | Путешествия | |
| a | Ключевые слова | Кругосветные путешествия | ||
| 700 | 1_ | a | Другие авторы | Pelzer Christel |
| e | Роль лиц | Hrsg. | ||
| 700 | 1_ | a | Другие авторы | Pelzer Helmuth |
| e | Роль лиц | Hrsg. | ||
| 852 | t | Порядковый номер экземпляра | 1 | |
| p | Инвентарный номер | 691521 | ||
| 888 | a | Бесплатные | ||
| 930 | a | Новая/Ретро | нем | |
| 952 | p | 39.98 12.00 1 691521 | ||
| c | Вид литературы | К ин | ||
| 954 | a | Дата поступления на обработку | 21.01.98 | |
| 999 | a | Подразделение 2 | Фил3 |